| 000 | 00634nam a2200205 a 4500 | ||
|---|---|---|---|
| 001 | 000154890 | ||
| 003 | AM-YeHGA | ||
| 005 | 20250617123142.0 | ||
| 008 | 950720s1980 ru ||||gr|||||||||0|rus|d | ||
| 040 | _aAM-YeHGA | ||
| 041 | 0 | _arus | |
| 100 | 1 | _aМалич, Н.С. | |
| 245 | 1 | 0 |
_aПринципы и методика минерагенического анализа платформ / _cН.С. Малич, Е.В. Туганова. |
| 260 |
_aМосква : _bНедра, _c1980. |
||
| 300 |
_a287 с. ; _c22 см. |
||
| 650 | 1 | 4 | _aГеология |
| 700 | 1 | _aТуганова, Е.В. | |
| 942 |
_2udc _cBK |
||
| 090 | _c53364 | ||
| 999 |
_c52552 _d52552 |
||